| 000 | 00705pam a2200241 i 4500 | ||
|---|---|---|---|
| 001 | 3209889 | ||
| 003 | OSt | ||
| 005 | 20150903155000.0 | ||
| 008 | 780615s1978 pauaf b 001 0 eng | ||
| 010 | _a 78016516 | ||
| 020 |
_a0811712702 : _c$13.95 |
||
| 040 | _aSEKU | ||
| 050 | 0 | 0 |
_aQB 602.9 _b.P6 |
| 100 | 1 |
_aPowers, Robert M., _d1942- |
|
| 245 | 1 | 0 |
_aPlanetary encounters / _cRobert M. Powers ; original drawings by Helen Zane Jensen. |
| 260 |
_aHarrisburg, Pa. : _bStackpole Books, _cc1978. |
||
| 300 |
_a288 p. : _bill. (some col.) ; |
||
| 504 | _aBibliography: p. 283-284. | ||
| 650 | 0 |
_aPlanets _xExploration. |
|
| 650 | 0 | _aAstronautics. | |
| 700 | 1 | _aJensen, Helen Zane. | |
| 942 |
_2lcc _cGEN |
||
| 999 |
_c8665 _d8665 |
||